000 00541nam a2200205Ia 4500
005 20250923150003.0
008 008 250917s9999 xx 000 0 eng d
037 _aTextual
040 _aDSWL
_beng
_cDSWL
041 _aeng
_2eng
084 _aY:F, N96
_qDSWL
100 _aKumar, Ranjit
_9841013
245 0 _aResearch methodology
_c by Ranjit Kumar
260 _aAustralia
_b Longman Pvt Ltd
_c1996
300 _ax,276 p.
365 _bGift
925 _gGift
942 _cTEXL
_hY:F, N96
999 _c1458180
_d1458180